Ciencias Sociales: Historia
Gespeichert in:
| Hauptverfasser: | , |
|---|---|
| Format: | Buch |
| Sprache: | Spanisch |
| Veröffentlicht: |
Madrid
SM
2000
|
| Schriftenreihe: | Secundaria Primer Ciclo
|
| Schlagworte: | |
| Tags: |
Tag hinzufügen
Keine Tags, Fügen Sie den ersten Tag hinzu!
|
MARC
| LEADER | 00000nam a2200000 a 4500 | ||
|---|---|---|---|
| 001 | UCK4121 | ||
| 003 | CL-VaPUC | ||
| 008 | 050520e20000000SP |||||||||||||||||spa|d | ||
| 020 | |a 8434870371 | ||
| 082 | 0 | 4 | |a 940.0712 |b SAN |2 21 |
| 100 | 0 | |a Santacana i Mestre, Joan |e author |9 492509 | |
| 700 | 0 | |a Zaragoza Ruvira, Gonzalo |e author |9 492510 | |
| 245 | 1 | 0 | |a Ciencias Sociales: Historia |
| 300 | |a 330 p | ||
| 942 | |c BK | ||
| 945 | |d 20050520 00:00:00 |a cmena | ||
| 260 | |a Madrid |b SM |c 2000 | ||
| 500 | |a Incluye cuaderno de mapas | ||
| 650 | 0 | |a Historia universal |9 266877 | |
| 650 | 7 | |a PUEBLOS PRIMITIVOS |2 CL-VaPUC |9 492511 | |
| 650 | 0 | |a Prehistoria |9 316557 | |
| 650 | 0 | |a Historia medieval |9 258042 | |
| 583 | |a last modification |c 20050520 00:00:00 |k Rodrigo Vera | ||
| 490 | 0 | |a Secundaria Primer Ciclo | |
| 999 | |c 313077 |d 313075 | ||
| 952 | |0 0 |1 0 |4 0 |6 940_071200000000000_SAN_2000 |7 0 |8 A |9 384165 |a BIBHIS |b BIBHIS |d 2019-11-22 |i 4116666 |o 940.0712 SAN 2000 |p 4116666 |r 2025-01-20 |w 2019-11-22 |y BK |k HIS | ||